Simulink dynamic system simulation for matlb (Record no. 579553)
[ view plain ]
| 000 -LEADER | |
|---|---|
| fixed length control field | 00417nam a22001577a 4500 |
| 003 - CONTROL NUMBER IDENTIFIER | |
| control field | CEME |
| 005 - DATE AND TIME OF LATEST TRANSACTION | |
| control field | 20210628205117.0 |
| 008 - FIXED-LENGTH DATA ELEMENTS--GENERAL INFORMATION | |
| fixed length control field | 210225b xxu||||| |||| 00| 0 eng d |
| 040 ## - CATALOGING SOURCE | |
| Transcribing agency | , |
| 082 ## - DEWEY DECIMAL CLASSIFICATION NUMBER | |
| Classification number | 260 SOF'T |
| 245 ## - TITLE STATEMENT | |
| Title | Simulink dynamic system simulation for matlb |
| 260 ## - PUBLICATION, DISTRIBUTION, ETC. | |
| Place of publication, distribution, etc. | LONDON |
| Name of publisher, distributor, etc. | THE MATH WORKS INC |
| 300 ## - PHYSICAL DESCRIPTION | |
| Extent | 1 CD ROM 220P (MANUAL) |
| 650 ## - SUBJECT ADDED ENTRY--TOPICAL TERM | |
| Topical term or geographic name entry element | SOFTWARE NUST ACC NO-30441 |
| 9 (RLIN) | 73950 |
| 942 ## - ADDED ENTRY ELEMENTS (KOHA) | |
| Koha item type | Book |
| Source of classification or shelving scheme | |
| Withdrawn status | Lost status | Damaged status | Not for loan | Permanent Location | Current Location | Shelving location | Date acquired | Total Checkouts | Full call number | Barcode | Date last seen | Price effective from | Koha item type |
|---|---|---|---|---|---|---|---|---|---|---|---|---|---|
| College of Electrical & Mechanical Engineering (CEME) | College of Electrical & Mechanical Engineering (CEME) | Reference | 04/26/2017 | 260 SOF'T | CEME-30441 | 06/28/2021 | 06/28/2021 | Book |
